00349nam a2200145Ia 4500003000400000008004100004040001600045082001300061100001800074245003100092260003300123300001000156650001500166650002200181GCL140319s9999 xx 000 0 eng d aGCL / cGCL04a843bC P1 aCAMUS, ALBERT10aLA PESTE / cCAMUS, ALBERT a[S.N] : bLAROUSSE ، c1989 a325 P04aLITERATURE04aFRENCH LITERATURE